| 000 | 02064nam a2200577 c 4500 | ||
|---|---|---|---|
| 003 | BLK | ||
| 005 | 20180422105550.0 | ||
| 008 | 180409b bul|||||r ||||||| ||bul|| | ||
| 010 | _aKNG00109029000 | ||
| 020 |
_a954-446-742-4 _bиздат.: Егмонт България |
||
| 040 | _aBLK | ||
| 041 |
_aBUL _cBUL |
||
| 072 | 7 |
_2bullib _aЛ01 _xЗаболявания |
|
| 080 |
_aПатология. Клинична медицина _b616 _x.01 _z616.01 |
||
| 080 |
_aВирусология _b578 _x _z578 |
||
| 100 | 1 |
_aАрнолд, Ник _eпърви автор _9273999 |
|
| 700 | 1 |
_aДе Сол, Тони _eил. _9274000 |
|
| 700 | 1 |
_aВитанова, Ирена Тодорова _eпрев. _9367104 |
|
| 139 |
_aАрнолд, Ник _bА 87 |
||
| 245 | 1 | 0 |
_aУжасните болести _cНик Арнолд; ил. Тони Де Сол; прев. Ирена Тодорова Витанова. |
| 257 | _aGBR | ||
| 260 |
_аСофия _bЕгмонт България _c2003 _fСофия : Балкан прес АД |
||
| 300 |
_a160 с. _bс ил. _c20 см |
||
| 380 | _aDN | ||
| 490 | 1 | _aСтраховитото в науката | |
| 500 | _aОриг. загл. Horrible Science - Deadly Diseases / Nick Arnold. - Офс. изд. | ||
| 650 | 4 |
_aИнфекциозни болести _9248967 |
|
| 650 | 4 |
_aВирусология _9150763 |
|
| 653 | _aинфекциозни болести | ||
| 653 | _aвируси | ||
| 653 | _aчума | ||
| 653 | _aхолера | ||
| 653 | _aедра шарка | ||
| 653 | _aбактерии | ||
| 653 | _aантибиотици | ||
| 653 | _aхигиена | ||
| 653 | _aгрип | ||
| 653 | _aлаймска болест | ||
| 653 | _aебола | ||
| 653 | _aСПИН | ||
| 653 | _aтуберкулоза | ||
| 653 | _aмалария | ||
| 653 | _aлитература за деца | ||
| 653 | _aдетска литература | ||
| 659 | _aЛ | ||
| 852 | _aЦб 216741 | ||
| 856 | 4 |
_qpdf _u |
|
| 856 | 4 |
_qpdf _u |
|
| 942 |
_cKNG _n0 |
||
| 944 |
_aCR _c18.11.2003 _kИрена_Линкова |
||
| 944 |
_aED _c29.09.2012 _k |
||
| 999 |
_c103945 _d103945 |
||